01305 a2200193 45000010006000000050017000060080041000230030015000640400040000790800100001192450112002190200022003312640034003533000026003875050546004130410008009591000025009678560119009922531720260407155537.0260407a2007 arg spa dAR-UNSa-BCEJYS aAR-UNSa-BCEJYSbspacAR-UNSa-BCEJYS a174:65xEtica en gestión y organización de la industria (Responsabilidad Social Empresaria)10aCapital social y valores en la organización sustentablepel deber ser, poder hacer y la voluntad creativa a978-950-641-513-6 1aBuenos Aires :bGranicac2007 axxiii, 423 p.c22 cm. a1. Filosofía de gestión en organizaciones - 2. La realidad, armonías y disonancias - 3. Desarrollo con equidad - 4. La voluntad creativa - 5. Gerencia social - 6. Base ideológica y consenso - 7. Compromiso y confiabilidad - 8. Las imágenes compartidas - 9. Comunicación y credibilidad - 10. Lenguaje y significación - 11. Clima de trabajo y subjetivación - 12. Cultura de empresa y valores - 13. Cultura, colaboración y creatividad - 14. Capital social - 15. Valores sociales - 16. El potencial ético de la organización aspa1 aEtkin, Jorge Ricardo41uhttps://biblioeco.unsa.edu.ar/pmb/images/libros/Capital social y valores (2007).jpgyImagen de portadaqimage/jpeg